Catalog

Record Details

Catalog Search



The pursuit : a Fox and O'Hare novel  Cover Image CD Audiobook CD Audiobook

The pursuit : a Fox and O'Hare novel / Janet Evanovich and Lee Goldberg.

Evanovich, Janet, (author.). Goldberg, Lee, 1962- (author.). Brick, Scott, (narrator.).

Summary:

"Janet Evanovich, author of the blockbuster Stephanie Plum novels, and Lee Goldberg, writer for the Monk television show, team up once again in their rollicking, New York Times bestselling Fox and O'Hare series! Nicolas Fox, international con man, thief, and one of the top ten fugitives on the FBI's most-wanted list, has been kidnapped from a beachfront retreat in Hawaii. What the kidnapper doesn't know is that Nick Fox has been secretly working for the FBI. It isn't long before Nick's covert partner, Special Agent Kate O'Hare, is in hot pursuit of the crook who stole her con man. The trail leads to Belgium, France, and Italy, and pits Nick and Kate against their deadliest adversary yet: Dragan Kovic, an ex-Serbian military officer. He's plotting a crime that will net him billions. and cost thousands of American lives. Nick and Kate have to mount the most daring, risky, and audacious con they've ever attempted to save a major U.S. city from a catastrophe of epic proportions. Luckily they have the help of an eccentric out-of-work actor, a bandit who does his best work in the sewers, and Kate's dad, Jake. The pressure's on for Nick and Kate to make this work--even if they have to lay their lives on the line. The fifth in the bestselling Fox and O'Hare suspense series that "[mixes] humor from Evanovich and Goldberg's books with the intricate cons seen in the best episodes of Mission: Impossible"-- Provided by publisher.

Record details

  • ISBN: 9780553551563
  • ISBN: 0553551566
  • ISBN: 9780553551549
  • ISBN: 055355154X
  • ISBN: 9781524754747
  • ISBN: 1524754749
  • Physical Description: 6 audio discs (7 hr., 21 min.) ; 4 3/4 in.
  • Edition: Unabridged.
  • Publisher: [Westminster, MD] : Books on Tape ; [2016]

Content descriptions

General Note:
Title from container.
Compact disc.
Participant or Performer Note:
Read by Scott Brick.
Subject: United States. Federal Bureau of Investigation > Fiction.
Fugitives from justice > Fiction.
Kidnapping > Fiction.
Government investigators > Fiction.
Genre: Suspense fiction.
Humorous fiction.
Thrillers (Fiction)
Audiobooks.
Detective and mystery fiction.

Available copies

  • 1 of 1 copy available at scottsboropl.

Holds

  • 0 current holds with 1 total copy.
Show Only Available Copies
Location Call Number / Copy Notes Barcode Shelving Location Status Due Date
scottsboropl BK/CD Eva 32269001127995 Adult - Audiobook Available -

LDR 03747nim a2200661Ii 4500
001150716
003CONS
00520190425123246.0
008151104s2016 mdunnnne f n eng d
006a 000 0
007sd fsngnnmmned
020 . ‡a9780553551563 ‡q(Books on Tape)
020 . ‡a0553551566 ‡q(Books on Tape)
020 . ‡a9780553551549 ‡q(Random House Audio)
020 . ‡a055355154X ‡q(Random House Audio)
020 . ‡a9781524754747
020 . ‡a1524754749
0243 . ‡a9780553551563
0243 . ‡a9780553551549
02802. ‡a60b6lt ‡bBlackstone Audio
02802. ‡a40b6lt ‡bBlackstone Audio
02802. ‡aPRHA 4820 ‡bPenguin Random House Audio
02802. ‡aDD24243 ‡bRecorded Books
035 . ‡a(CPomAG)LMN611792
043 . ‡an-us---
050 4. ‡aPS3555.V2126 ‡bP87 2016ab
08204. ‡a813/.54 ‡223
1001 . ‡aEvanovich, Janet, ‡eauthor.
24514. ‡aThe pursuit : ‡ba Fox and O'Hare novel / ‡cJanet Evanovich and Lee Goldberg.
250 . ‡aUnabridged.
264 1. ‡a[Westminster, MD] : ‡bBooks on Tape ; ‡aNew York : ‡bRandom House Audio, ‡c[2016]
300 . ‡a6 audio discs (7 hr., 21 min.) ; ‡c4 3/4 in.
306 . ‡a072100
336 . ‡aspoken word ‡bspw ‡2rdacontent
337 . ‡aaudio ‡bs ‡2rdamedia
338 . ‡aaudio disc ‡bsd ‡2rdacarrier
340 . ‡b4 3/4 in.
344 . ‡adigital ‡gstereo ‡2rda
347 . ‡aaudio file ‡bCD audio ‡2rda
4901 . ‡aFox and O'Hare novel ; ‡v5
500 . ‡aTitle from container.
500 . ‡aCompact disc.
5110 . ‡aRead by Scott Brick.
520 . ‡a"Janet Evanovich, author of the blockbuster Stephanie Plum novels, and Lee Goldberg, writer for the Monk television show, team up once again in their rollicking, New York Times bestselling Fox and O'Hare series! Nicolas Fox, international con man, thief, and one of the top ten fugitives on the FBI's most-wanted list, has been kidnapped from a beachfront retreat in Hawaii. What the kidnapper doesn't know is that Nick Fox has been secretly working for the FBI. It isn't long before Nick's covert partner, Special Agent Kate O'Hare, is in hot pursuit of the crook who stole her con man. The trail leads to Belgium, France, and Italy, and pits Nick and Kate against their deadliest adversary yet: Dragan Kovic, an ex-Serbian military officer. He's plotting a crime that will net him billions. and cost thousands of American lives. Nick and Kate have to mount the most daring, risky, and audacious con they've ever attempted to save a major U.S. city from a catastrophe of epic proportions. Luckily they have the help of an eccentric out-of-work actor, a bandit who does his best work in the sewers, and Kate's dad, Jake. The pressure's on for Nick and Kate to make this work--even if they have to lay their lives on the line. The fifth in the bestselling Fox and O'Hare suspense series that "[mixes] humor from Evanovich and Goldberg's books with the intricate cons seen in the best episodes of Mission: Impossible"-- ‡cProvided by publisher.
61010. ‡aUnited States. ‡bFederal Bureau of Investigation ‡vFiction.
650 0. ‡aFugitives from justice ‡vFiction.
650 0. ‡aKidnapping ‡vFiction.
650 4. ‡aGovernment investigators ‡vFiction.
655 7. ‡aSuspense fiction. ‡2gsafd
655 7. ‡aHumorous fiction. ‡2lcgft
655 7. ‡aThrillers (Fiction) ‡2lcgft
655 7. ‡aAudiobooks. ‡2lcgft
655 7. ‡aDetective and mystery fiction. ‡2lcgft
7001 . ‡aGoldberg, Lee, ‡d1962- ‡eauthor.
7001 . ‡aBrick, Scott, ‡enarrator.
8001 . ‡aEvanovich, Janet. ‡tFox and O'Hare novel. ‡sSpoken word ; ‡v5.
959 . ‡i32269001127995 ‡lBK/CD Eva ‡aAdult - Audiobook ‡tAudiobook ‡g40.00
852 . ‡p32269001127995 ‡jBK/CD Eva ‡gAdult - Audiobook ‡cAudiobook ‡y40.00 ‡bSBPL
901 . ‡a150716 ‡bUnknown ‡c150716 ‡tbiblio

Additional Resources